[Event "Krakow KKSz-ch"]
[Site "Krakow"]
[Date "2009.08.16"]
[Round "7"]
[White "Pintal, Tomasz"]
[Black "Hauschild, Mateusz"]
[Result "1/2-1/2"]
[WhiteElo "1863"]
[BlackElo "1869"]
[PlyCount "60"]
[EventDate "2009.08.12"]
[EventType "swiss"]
[EventRounds "9"]
[EventCountry "POL"]
[SourceTitle "CBM 132 Extra"]
[Source "ChessBase"]
[SourceDate "2009.11.03"]
[SourceVersion "1"]
[SourceVersionDate "2009.11.03"]
[SourceQuality "1"]

1. d4 Nf6 2. Nf3 g6 3. c4 d6 4. Nc3 Bg7 5. e4 0-0 6. Be2 e5 7. dxe5 dxe5 8. Qxd8 Rxd8 9. 0-0 Bg4 10. Bg5 c6 11. Nxe5 Bxe2 12. Nxe2 Re8 13. Bxf6 Bxf6 14. Ng4 Bxb2 15. Rab1 Rxe4 16. Rxb2 Rxg4 17. f4 Rh4 18. Rxb7 Na6 19. f5 Nc5 20. Rc7 Rf8 21. Nf4 g5 22. Nh3 Rxc4 23. Rxc6 f6 24. Nf2 Rc3 25. Nd1 Rc1 26. Ne3 Rxf1+ 27. Kxf1 Ne4 28. Ra6 Rf7 29. Nd5 Kg7 30. Nb4 Rb7 1/2-1/2

[Event "Krakow KKSz-ch"]
[Site "Krakow"]
[Date "2009.08.13"]
[Round "2"]
[White "Pintal, Tomasz"]
[Black "Trebala, Michal"]
[Result "1-0"]
[WhiteElo "1863"]
[BlackElo "1612"]
[PlyCount "79"]
[EventDate "2009.08.12"]
[EventType "swiss"]
[EventRounds "9"]
[EventCountry "POL"]
[SourceTitle "CBM 132 Extra"]
[Source "ChessBase"]
[SourceDate "2009.11.03"]
[SourceVersion "1"]
[SourceVersionDate "2009.11.03"]
[SourceQuality "1"]

1. e4 g6 2. d4 Bg7 3. f4 d6 4. Nf3 Nf6 5. Bd3 c5 6. c3 cxd4 7. cxd4 0-0 8. 0-0 Nc6 9. Nc3 Bg4 10. d5 Nd4 11. Be2 Nxe2+ 12. Qxe2 a6 13. Be3 b5 14. a3 Nd7 15. h3 Bxf3 16. Qxf3 f5 17. Qf2 Bxc3 18. bxc3 fxe4 19. f5 Rxf5 20. Qh4 Rxf1+ 21. Rxf1 Nf6 22. Bd4 Qd7 23. Rxf6 exf6 24. Qxf6 Rf8 25. Qh8+ Kf7 26. Qxh7+ Ke8 27. Qxg6+ Qf7 28. Qxe4+ Kd7 29. Be3 Qf6 30. Qg4+ Qf5 31. Qg7+ Rf7 32. Qd4 Kc8 33. Qb6 Qxd5 34. Qxa6+ Kd7 35. a4 Qd1+ 36. Kh2 Qxa4 37. Qb7+ Ke6 38. Qc8+ Ke7 39. Bg5+ Rf6 40. Qh8 1-0

[Event "Krakow KKSz-ch"]
[Site "Krakow"]
[Date "2009.08.12"]
[Round "1"]
[White "Martyna, Franciszek"]
[Black "Pintal, Tomasz"]
[Result "1-0"]
[WhiteElo "1800"]
[BlackElo "1863"]
[PlyCount "119"]
[EventDate "2009.08.12"]
[EventType "swiss"]
[EventRounds "9"]
[EventCountry "POL"]
[SourceTitle "CBM 132 Extra"]
[Source "ChessBase"]
[SourceDate "2009.11.03"]
[SourceVersion "1"]
[SourceVersionDate "2009.11.03"]
[SourceQuality "1"]

1. d4 d5 2. c4 e6 3. a3 c5 4. e3 Nc6 5. dxc5 Bxc5 6. b4 Be7 7. c5 Nf6 8. Bb2 0-0 9. Bd3 e5 10. f3 e4 11. Bc2 Bf5 12. Bb3 h5 13. fxe4 Bg4 14. Ne2 dxe4 15. Nbc3 a6 16. Qc2 Ne5 17. 0-0 Qd3 18. Bc1 Rad8 19. Ng3 Rd7 20. Ngxe4 Rfd8 21. Nf2 Qxc2 22. Bxc2 Be6 23. h3 Bc4 24. Rd1 Rxd1+ 25. Ncxd1 Nd3 26. Bxd3 Bxd3 27. Bb2 Bg6 28. Bd4 Nd5 29. Nc3 Bf6 30. Nxd5 Bxd4 31. Ne7+ Kh7 32. exd4 Rxd4 33. Nxg6 Kxg6 34. Rd1 Rc4 35. Rd3 a5 36. Rd6+ f6 37. Nd3 Rc3 38. bxa5 Rxa3 39. Nf4+ Kf5 40. Nxh5 Rxa5 41. Nxg7+ Ke5 42. Rb6 Rxc5 43. Rxb7 f5 44. Rf7 Rc1+ 45. Kh2 f4 46. h4 Rc8 47. h5 Rh8 48. Kh3 Rh6 49. Kg4 Rh7 50. Rf5+ Ke4 51. Rxf4+ Ke5 52. Rf7 Rh8 53. Kg5 Ra8 54. h6 Ra2 55. g4 Rh2 56. Nh5 Ra2 57. h7 Ra8 58. Kg6 Rh8 59. Kg7 Ke6 60. Rf6+ 1-0